Welcome to the Holygrace Academy Library

Please use search bar below to get started

ALIEN ESCAPE SPACE MICE (Record no. 9045)

MARC details
000 -LEADER
fixed length control field 00362nam a22001217a 4500
082 ## - DEWEY DECIMAL CLASSIFICATION NUMBER
Classification number 823
Item number GER/A
100 ## - MAIN ENTRY--AUTHOR NAME
Personal name GERONIMO STILTON
245 ## - TITLE STATEMENT
Title ALIEN ESCAPE SPACE MICE
Remainder of title GERONIMO STILTON :ALIEN ESCAPE SPACE MICE
Statement of responsibility, etc GERONIMO STILTON :ALIEN ESCAPE SPACE MICE
246 ## - VARYING FORM OF TITLE
Title proper/short title ALIEN ESCAPE SPACE MICE
260 ## - PUBLICATION, DISTRIBUTION, ETC. (IMPRINT)
Place of publication U K
Name of publisher SCHOLASTIC
650 ## - SUBJECT ADDED ENTRY--TOPICAL TERM
Topical Term ENGLISH FICTION
942 ## - ADDED ENTRY ELEMENTS (KOHA)
Koha item type Books
Holdings
Withdrawn status Lost status Collection code Home library Current library Shelving location Date acquired Source of acquisition Full call number Accession Number Koha item type
    Fiction Main Library Main Library SHELF 4-I GERONIMO STILTON 04/02/2025 PURCHASED 823 GER/A 09904 Books